000 00646nam a22001697a 4500
005 20260401121113.0
008 260401b |||||||| |||| 00| 0 eng d
050 _a978-93-86056-72-6
100 _aEDITOR LORENZO ARAGON
245 _aINTERN TIPS IN INTERNAL MEDICINE: TIPS IN INPATIENT ROTATIONS INTERNAL MEDICINE, FAMILY MEDICINE AND ICU
260 _aNEW DELHI,
_bTHE HEALTH SCIENCES PUBLISHER,
_c2017,
300 _aXX, 219 P, ILL
500 _aINCLUDES BIBLIOGRAPHICAL REFERENCES AND INDEX
650 _a1. INTERNAL MEDICINE- HANDBOOKS, MANUALS 2. CLINICAL MEDICINE- STUDY GUIDES
700 _aSANJA KUPESIC PLAVSIC
942 _2lcc
_cBK
999 _c216917
_d216917